Bonds lost (Record no. 172662)
[ view plain ]
| 000 -LEADER | |
|---|---|
| fixed length control field | 00618nam a2200193Ia 4500 |
| 003 - CONTROL NUMBER IDENTIFIER | |
| control field | OSt |
| 005 - DATE AND TIME OF LATEST TRANSACTION | |
| control field | 20250725172211.0 |
| 008 - FIXED-LENGTH DATA ELEMENTS--GENERAL INFORMATION | |
| fixed length control field | 210423s1997 xx 000 0 und d |
| 040 ## - CATALOGING SOURCE | |
| Transcribing agency | AL |
| 041 ## - LANGUAGE CODE | |
| Language code of text/sound track or separate title | English |
| 082 ## - DEWEY DECIMAL CLASSIFICATION NUMBER | |
| Classification number | 307.72 |
| Item number | CEDB |
| 100 ## - MAIN ENTRY--PERSONAL NAME | |
| Personal name | Gunnel Cederlof |
| 9 (RLIN) | 110291 |
| 245 ## - TITLE STATEMENT | |
| Title | Bonds lost |
| Remainder of title | : subordination conflict and mobilisation in rural south india 1900-1970. |
| 260 ## - PUBLICATION, DISTRIBUTION, ETC. | |
| Place of publication, distribution, etc. | New Delhi |
| Name of publisher, distributor, etc. | Manohar Publications |
| Date of publication, distribution, etc. | 1997 |
| 300 ## - PHYSICAL DESCRIPTION | |
| Extent | xi,275p. |
| Other physical details | HB |
| Dimensions | 22x14.3cm. |
| 365 ## - TRADE PRICE | |
| Currency code | INR |
| 906 ## - LOCAL DATA ELEMENT F, LDF (RLIN) | |
| a | 1900-1970 ; Bonds ; conflict ; India ; lost: ; mobilisation ; rural ; south ; subordination, |
| 942 ## - ADDED ENTRY ELEMENTS (KOHA) | |
| Source of classification or shelving scheme | Dewey Decimal Classification |
| Koha item type | Book |
| Withdrawn status | Lost status | Damaged status | Not for loan | Collection code | Home library | Current library | Date acquired | Total Checkouts | Full call number | Barcode | Date last seen | Price effective from | Koha item type |
|---|---|---|---|---|---|---|---|---|---|---|---|---|---|
| MSW | St Aloysius PG Library | St Aloysius PG Library | 02/18/2008 | 307.72 CEDB | PG019216 | 08/24/2022 | 04/26/2021 | Book |